| 000 | 00944nmm a2200277 a 4500 | ||
|---|---|---|---|
| 001 | ocm000604971 | ||
| 003 | TR-IsHL | ||
| 005 | 20201028134551.0 | ||
| 008 | 131203s2006 tu tur | ||
| 007 | cr cn | ||
| 020 | _a9789753590006 | ||
| 035 |
_a604971 _b(N$T) |
||
| 050 | 0 | 4 |
_aBE1291 _b.D56 2006 |
| 090 | 0 | 4 |
_aBE1291 _b.D56 2006 |
| 245 | 1 | 0 |
_aDin kültürü ve ahlak bilgisi kaynak kitap: akâid-ibâdet-ahlâk-siyer _h[electronic resource] / _chaz. Saim Kılavuz, Âkif Köten...[ve öte.] |
| 260 |
_aİstanbul : _bMarifet Yayınları, _c2006 |
||
| 300 | _a734 p. | ||
| 650 | 4 | _aFelsefe, Psikoloji ve Din | |
| 650 | 4 | _aPhilosophy, Psychology and Religion | |
| 650 | 0 | _aDin eğitimi | |
| 650 | 0 | _aReligious education | |
| 650 | 7 |
_aRELIGION / Education _2bisacsh |
|
| 700 | 1 | _aKılavuz, Saim | |
| 700 | 1 | _aKöten, Âkif | |
| 856 | 4 | 0 | _uhttp://search.ebscohost.com/login.aspx?direct=true&scope=site&db=e011xww&AN=604971 |
| 999 |
_c6263 _d6263 |
||